| 000 | 00597nam a2200241Ia 4500 | ||
|---|---|---|---|
| 003 | OSt | ||
| 005 | 20221005124451.0 | ||
| 006 | a|||||r|||| 00| 0 | ||
| 007 | ta | ||
| 008 | 221004b |||||||| |||| 00| 0 eng d | ||
| 024 | _a36165 | ||
| 037 | _cTextual | ||
| 040 |
_aCRL _cCRL _beng |
||
| 041 |
_2eng _aeng |
||
| 082 | _aN82wN20, K8 | ||
| 100 |
_aRavi Shankar _9541978 |
||
| 245 | 0 | _aMy music, my life | |
| 260 | _c1968 | ||
| 650 | _a ARTS | ||
| 650 |
_aINDIAN MUSIC - RAVI SHANKAR _9635292 |
||
| 942 |
_hN82wN20, K8 _cTEXL _2cc |
||
| 999 |
_c1050576 _d1050576 |
||